000 00516nam a2200193 a 4500
008
049 _aMAIN
090 _aTJ265
_bBAL
100 _aBallaney, P. L.
245 1 0 _aApplied thermodynamics/
_cP. L. Ballaney.
260 _aNew Dehli :
_bKhanna ,
_c2000.
300 _aiv, 536 p. :
_bill. ;
_c21 cm.
650 0 _aThermodynamics.
907 _a.b10160802
_b27-11-13
_c29-03-05
003
005 20230123134002.0
040 _cNUST
942 _cBOOKS
_kTJ265
_mBAL
999 _c158030
_d158030